00342nam a2200133 a 45000010010000000030011000100080041000210350026000620820012000881000022001002450027001222600045001496500014001940000-8805ELIB.Books110520 1968  a(ELIB.Books)0000-8951 aB bBuk aBuks Bazen, Lydia aThey looked for a city bPhiladelphia: The Spearhead Press c1968 aBiography